| 000 | 00382nam a2200145Ia 4500 | ||
|---|---|---|---|
| 008 | 231129s1990||||xx |||||||||||||| ||spa|| | ||
| 020 | _a84-7232-544-X | ||
| 040 | _bspa | ||
| 082 | _aA864 M425L | ||
| 100 | _aMatamoro Blas | ||
| 245 | 0 | _aLecturas americanas | |
| 260 | _c1990 | ||
| 264 | _aEdiciones de Cultura Hispanica | ||
| 942 |
_2ddc _cBKS |
||
| 999 |
_c19077 _d19077 |
||